[Event "Barcelona Sant Marti op-B 23rd"]
[Site "Barcelona"]
[Date "2023.07.20"]
[Round "8"]
[White "Serra Vilaro, Agustin"]
[Black "Fernandez Egea, Andres"]
[Result "0-1"]
[WhiteElo "1661"]
[BlackElo "1827"]
[PlyCount "46"]
[EventDate "2023.07.13"]
[EventType "swiss"]
[EventRounds "9"]
[EventCountry "ESP"]
[SourceTitle "CBM 215 Extra"]
[Source "ChessBase"]
[SourceDate "2023.09.30"]
[SourceVersion "1"]
[SourceVersionDate "2023.09.30"]
[SourceQuality "1"]

1. d4 Nf6 2. c3 d5 3. e3 Bf5 4. Qb3 Qc8 5. h3 h6 6. Be2 e6 7. Nd2 c5 8. f4 Nc6 9. Ngf3 Be7 10. 0-0 Qc7 11. Ne5 0-0 12. Qd1 Rab8 13. g4 Bh7 14. Ndf3 Ne4 15. Bd2 c4 16. Qe1 Na5 17. Nh4 Nxd2 18. Nhg6 Nxf1 19. Nxf8 Rxf8 20. Qxf1 Nc6 21. Nf3 b5 22. h4 f6 23. Qh3 e5 0-1

[Event "Barcelona Sant Marti op-B 22nd"]
[Site "Barcelona"]
[Date "2022.07.17"]
[Round "5"]
[White "Riera Mestres, Josep"]
[Black "Serra Vilaro, Agustin"]
[Result "0-1"]
[WhiteElo "1487"]
[BlackElo "1700"]
[PlyCount "56"]
[EventDate "2022.07.13"]
[EventType "swiss"]
[EventRounds "9"]
[EventCountry "ESP"]
[SourceTitle "CBM 210 Extra"]
[Source "ChessBase"]
[SourceDate "2022.11.30"]
[SourceVersion "1"]
[SourceVersionDate "2022.11.30"]
[SourceQuality "1"]

1. d4 f5 2. Nf3 Nf6 3. h3 c6 4. c3 Qc7 5. Nbd2 d6 6. a4 e5 7. dxe5 dxe5 8. Nc4 Nbd7 9. Bg5 Be7 10. e3 0-0 11. Qc2 e4 12. Nd4 Nb6 13. Bf4 Qd8 14. Rd1 Nfd5 15. Bh2 Qe8 16. Be2 f4 17. a5 Qg6 18. axb6 Qxg2 19. Kd2 Qxf2 20. Rdf1 fxe3+ 21. Kc1 axb6 22. Rxf2 Ra1+ 23. Qb1 Rxb1+ 24. Kxb1 exf2 25. Nc2 Bxh3 26. N2e3 Nxe3 27. Nxe3 Bc5 28. Nf1 Bg2 0-1

[Event "Barcelona Barri Gotic op 7th"]
[Site "Barcelona"]
[Date "2019.04.02"]
[Round "8.9"]
[White "Serra Vilaro, Agustin"]
[Black "Molina Tabernero, Jordi"]
[Result "1-0"]
[WhiteElo "1739"]
[BlackElo "1419"]
[PlyCount "85"]
[EventDate "2019.02.12"]
[EventType "swiss"]
[EventRounds "9"]
[EventCountry "ESP"]
[SourceTitle "EXT 2024"]
[Source "ChessBase"]
[SourceDate "2023.10.10"]
[SourceVersion "1"]
[SourceVersionDate "2023.10.10"]
[SourceQuality "1"]

1. d4 Nf6 2. c3 Nc6 3. f4 d5 4. Nf3 Bg4 5. Nbd2 e6 6. e3 Be7 7. Bd3 0-0 8. Qc2 Bxf3 9. Nxf3 h6 10. 0-0 a6 11. a4 Rb8 12. Bd2 b5 13. axb5 axb5 14. Ra6 Qd7 15. Rfa1 b4 16. Qa4 bxc3 17. bxc3 Rb6 18. Rxb6 cxb6 19. Bb5 Qd8 20. Bxc6 Ne4 21. Be1 Kh7 22. c4 g5 23. cxd5 exd5 24. Qb5 gxf4 25. exf4 Nf6 26. Ne5 Bd6 27. Bh4 Be7 28. Bxf6 Bxf6 29. Ra8 Qxa8 30. Bxa8 Rxa8 31. Qxd5 Ra1+ 32. Kf2 Bxe5 33. fxe5 Kg7 34. e6 fxe6 35. Qxe6 Rb1 36. Qe5+ Kf8 37. d5 Rb5 38. Qf6+ Kg8 39. d6 Ra5 40. Qe6+ Kg7 41. d7 Ra8 42. Qe5+ Kf8 43. Qf6+ 1-0

[Event "Barcelona Barri Gotic op 7th"]
[Site "Barcelona"]
[Date "2019.03.19"]
[Round "6.10"]
[White "Serra Vilaro, Agustin"]
[Black "Febrero Perez, Lluis"]
[Result "0-1"]
[WhiteElo "1739"]
[BlackElo "1416"]
[PlyCount "92"]
[EventDate "2019.02.12"]
[EventType "swiss"]
[EventRounds "9"]
[EventCountry "ESP"]
[SourceTitle "EXT 2024"]
[Source "ChessBase"]
[SourceDate "2023.10.10"]
[SourceVersion "1"]
[SourceVersionDate "2023.10.10"]
[SourceQuality "1"]

1. d4 Nf6 2. c3 b6 3. Bg5 h6 4. Bh4 Bb7 5. f3 e6 6. Nd2 Be7 7. e4 d6 8. Bd3 c5 9. Ne2 Nc6 10. 0-0 0-0 11. Rc1 Rc8 12. Qa4 Na5 13. Bb1 Ba6 14. Rce1 e5 15. b4 cxb4 16. cxb4 Bxe2 17. Rxe2 Nc4 18. Nxc4 Rxc4 19. d5 Nxd5 20. exd5 Bxh4 21. Qxa7 Rxb4 22. Rc1 Bg5 23. Rd1 Qc8 24. Kf1 Qc5 25. Qa6 Bf4 26. g3 Be3 27. Qd3 Rxb1 28. Rxb1 Bd4 29. Rb5 Qc1+ 30. Re1 Qc8 31. Kg2 Qa8 32. Re2 Rc8 33. Rc2 Rc5 34. Qb3 Rxc2+ 35. Qxc2 Bc5 36. Qb3 g5 37. a4 Kg7 38. Qc4 f5 39. Rb1 Qa5 40. Rc1 Kg6 41. g4 f4 42. Qe4+ Kf7 43. h4 gxh4 44. Qc2 Qb4 45. Rh1 Qd4 46. Rxh4 Qg1+ 0-1

[Event "Barcelona Barri Gotic op 7th"]
[Site "Barcelona"]
[Date "2019.03.12"]
[Round "5.7"]
[White "Costa Trave, Jaume"]
[Black "Serra Vilaro, Agustin"]
[Result "1-0"]
[WhiteElo "1874"]
[BlackElo "1739"]
[PlyCount "81"]
[EventDate "2019.02.12"]
[EventType "swiss"]
[EventRounds "9"]
[EventCountry "ESP"]
[SourceTitle "EXT 2024"]
[Source "ChessBase"]
[SourceDate "2023.10.10"]
[SourceVersion "1"]
[SourceVersionDate "2023.10.10"]
[SourceQuality "1"]

1. f4 d5 2. Nf3 c5 3. e3 Bg4 4. c4 e6 5. Be2 Bxf3 6. Bxf3 Nf6 7. Na3 g6 8. 0-0 Bg7 9. d3 0-0 10. Qc2 Nc6 11. Bd2 Qe7 12. Rae1 Rad8 13. Bc3 d4 14. Bxc6 dxc3 15. Bf3 cxb2 16. e4 Qd7 17. Rd1 Qd4+ 18. Kh1 a6 19. e5 Nd7 20. Bxb7 Rb8 21. Bxa6 Nxe5 22. fxe5 Ra8 23. Nb5 Qxe5 24. Bb7 Rxa2 25. d4 Qb8 26. Be4 cxd4 27. Qb3 Ra1 28. Qxb2 Rxd1 29. Rxd1 d3 30. Qb3 d2 31. Qe3 Qe5 32. Qe2 Rd8 33. Bf3 Qb2 34. g3 Bh6 35. c5 Rb8 36. Nd6 Qd4 37. Ne4 f5 38. Nxd2 e5 39. Qc4+ Qxc4 40. Nxc4 e4 41. Be2 1-0

[Event "Barcelona Barri Gotic op 7th"]
[Site "Barcelona"]
[Date "2019.02.19"]
[Round "2.4"]
[White "Serra Vilaro, Agustin"]
[Black "Vallbona Domingo, Joan"]
[Result "0-1"]
[WhiteElo "1739"]
[BlackElo "1886"]
[PlyCount "76"]
[EventDate "2019.02.12"]
[EventType "swiss"]
[EventRounds "9"]
[EventCountry "ESP"]
[SourceTitle "EXT 2024"]
[Source "ChessBase"]
[SourceDate "2023.10.10"]
[SourceVersion "1"]
[SourceVersionDate "2023.10.10"]
[SourceQuality "1"]

1. d4 Nf6 2. c3 b6 3. e3 Bb7 4. Nd2 g6 5. f4 Bg7 6. Ngf3 c5 7. Bd3 Qc7 8. 0-0 cxd4 9. exd4 Nd5 10. Ne5 Ne3 11. Qb3 Bd5 12. c4 Nxf1 13. cxd5 Nxd2 14. Bxd2 0-0 15. Rc1 Qb7 16. d6 exd6 17. Nxf7 Rxf7 18. Bc4 Bxd4+ 19. Kh1 Nc6 20. Bxf7+ Kg7 21. Bd5 Rf8 22. Qh3 h5 23. g4 hxg4 24. Qxg4 Bxb2 25. Re1 Qc8 26. Be4 Rf6 27. Rg1 Qe8 28. f5 Ne5 29. Qh4 Qh8 30. Qg3 Bd4 31. Rg2 Qh5 32. h3 Rxf5 33. Bxf5 Qxf5 34. Bf4 Bc5 35. Qh4 Nf3 36. Qg3 d5 37. Qxf3 Qe4 38. Qg3 Bb4 0-1

[Event "Barcelona Sant Marti op-B 20th"]
[Site "Barcelona"]
[Date "2018.07.17"]
[Round "5"]
[White "Escofet Llongueras, Joan"]
[Black "Serra Vilaro, Agustin"]
[Result "1/2-1/2"]
[WhiteElo "1623"]
[BlackElo "1780"]
[PlyCount "88"]
[EventDate "2018.07.13"]
[EventType "swiss"]
[EventRounds "9"]
[EventCountry "ESP"]
[SourceTitle "EXT 2019"]
[Source "ChessBase"]
[SourceDate "2018.10.10"]
[SourceVersion "1"]
[SourceVersionDate "2018.10.10"]
[SourceQuality "1"]

1. c4 Nf6 2. Nc3 c5 3. g3 g6 4. Bg2 Bg7 5. e4 e5 6. Nge2 Nc6 7. 0-0 d6 8. h3 0-0 9. d3 Be6 10. Nd5 Qd7 11. Kh2 Bxd5 12. cxd5 Ne7 13. f4 Ne8 14. Nc3 b5 15. fxe5 Bxe5 16. Bh6 Ng7 17. Rb1 Kh8 18. Bf4 f6 19. Ne2 Nh5 20. d4 cxd4 21. Nxd4 Rac8 22. Ne6 Rfe8 23. Bxe5 dxe5 24. Bf3 Ng7 25. Nxg7 Kxg7 26. d6 Ng8 27. Bg4 f5 28. exf5 Nf6 29. Rf2 Rc4 30. fxg6 Nxg4+ 31. hxg4 hxg6 32. Qf3 Rh8+ 33. Kg2 Qc6 34. Rd1 Rd8 35. Qd5 Rxd6 36. Rf7+ Kh6 37. Qxc6 Rdxc6 38. Rd5 Re6 39. Rxb5 a6 40. Ra5 Rc2+ 41. Rf2 Rxf2+ 42. Kxf2 Kg5 43. Kf3 Rf6+ 44. Kg2 Re6 1/2-1/2

[Event "Barcelona Sant Marti op-B 19th"]
[Site "Barcelona"]
[Date "2017.07.16"]
[Round "4"]
[White "Morais Carreras, Javier"]
[Black "Serra Vilaro, Agustin"]
[Result "1-0"]
[WhiteElo "1925"]
[BlackElo "1770"]
[PlyCount "65"]
[EventDate "2017.07.13"]
[EventType "swiss"]
[EventRounds "9"]
[EventCountry "ESP"]
[SourceTitle "EXT 2018"]
[Source "ChessBase"]
[SourceDate "2017.10.13"]
[SourceVersion "1"]
[SourceVersionDate "2017.10.13"]
[SourceQuality "1"]

1. e4 d5 2. exd5 Qxd5 3. Nc3 Qd6 4. Nf3 Nf6 5. d4 c6 6. Be3 Bg4 7. h3 Bh5 8. g4 Bg6 9. Qd2 Nd5 10. Nxd5 Qxd5 11. Be2 Nd7 12. Rg1 e6 13. c4 Qe4 14. Ng5 Qc2 15. Qxc2 Bxc2 16. Rc1 Bb4+ 17. Bd2 Bxd2+ 18. Kxd2 Bg6 19. h4 h6 20. Nh3 0-0-0 21. Nf4 Bh7 22. Kc3 e5 23. dxe5 Nxe5 24. Rcd1 Be4 25. Rg3 Rxd1 26. Bxd1 Rd8 27. Be2 Bb1 28. Re3 f6 29. a3 Rd7 30. Nh5 Bg6 31. f4 Bxh5 32. fxe5 Bf7 33. e6 1-0

[Event "Barcelona Gotic op 1st"]
[Site "Barcelona"]
[Date "2017.05.16"]
[Round "4"]
[White "Capdevila Lopez, Ferran"]
[Black "Serra Vilaro, Agustin"]
[Result "0-1"]
[WhiteElo "1749"]
[BlackElo "1763"]
[PlyCount "78"]
[EventDate "2017.04.25"]
[EventType "swiss"]
[EventRounds "9"]
[EventCountry "ESP"]
[SourceTitle "EXT 2018"]
[Source "ChessBase"]
[SourceDate "2017.10.13"]
[SourceVersion "1"]
[SourceVersionDate "2017.10.13"]
[SourceQuality "1"]

1. e4 d5 2. exd5 Qxd5 3. Nc3 Qd6 4. g3 Nf6 5. Bg2 e5 6. d3 c6 7. Nf3 Bg4 8. h3 Bh5 9. Be3 Be7 10. Qd2 Nbd7 11. 0-0-0 Nb6 12. g4 Bg6 13. d4 exd4 14. Qxd4 0-0-0 15. Bf4 Qxd4 16. Rxd4 Bc5 17. Rxd8+ Rxd8 18. Be3 Bxe3+ 19. fxe3 Nc4 20. Re1 Re8 21. e4 Nxe4 22. Nxe4 Rxe4 23. Rxe4 Bxe4 24. Nh4 Bxg2 25. Nxg2 Kd7 26. b3 Ne5 27. Kd2 Ke6 28. Ke3 g5 29. Ke4 Ng6 30. c4 Ne7 31. Ne3 b6 32. b4 a6 33. a3 b5 34. cxb5 axb5 35. Kd4 f5 36. Nxf5 Nxf5+ 37. gxf5+ Kxf5 38. Kc5 h5 39. Kxc6 g4 0-1

[Event "Barcelona Gotic op 1st"]
[Site "Barcelona"]
[Date "2017.04.25"]
[Round "1"]
[White "Serra Vilaro, Agustin"]
[Black "Munoz Pantoja, Miguel Angel"]
[Result "0-1"]
[WhiteElo "1763"]
[BlackElo "2500"]
[PlyCount "62"]
[EventDate "2017.04.25"]
[EventType "swiss"]
[EventRounds "9"]
[EventCountry "ESP"]
[SourceTitle "EXT 2018"]
[Source "ChessBase"]
[SourceDate "2017.10.13"]
[SourceVersion "1"]
[SourceVersionDate "2017.10.13"]
[SourceQuality "1"]

1. d4 c5 2. e3 Nf6 3. c3 g6 4. f4 Bg7 5. Nf3 0-0 6. Bd3 cxd4 7. exd4 d6 8. 0-0 Nc6 9. Bc4 Qc7 10. Qe2 Bg4 11. h3 Bxf3 12. Rxf3 e5 13. fxe5 dxe5 14. Bg5 Nh5 15. d5 e4 16. Re3 Ne5 17. Nd2 Qb6 18. Bb3 f5 19. Kh2 Rae8 20. Rf1 Nf7 21. Bh4 Bh6 22. Bf2 Bxe3 23. Qxe3 Qc7+ 24. g3 b6 25. Re1 Nd6 26. Qd4 f4 27. Nxe4 Rxe4 28. Qxe4 fxg3+ 29. Bxg3 Nxg3 30. Qe6+ Rf7 31. Kxg3 Ne4+ 0-1

[Event "Barcelona Vila Gracia Seniors 55 op 4th"]
[Site "Barcelona"]
[Date "2017.04.10"]
[Round "6.11"]
[White "Serra Vilaro, Agustin"]
[Black "De Azua Arpi, Rafael"]
[Result "0-1"]
[WhiteElo "1760"]
[BlackElo "1936"]
[PlyCount "67"]
[EventDate "2017.03.06"]
[EventType "swiss"]
[EventRounds "9"]
[EventCountry "ESP"]
[SourceTitle "EXT 2024"]
[Source "ChessBase"]
[SourceDate "2023.10.10"]
[SourceVersion "1"]
[SourceVersionDate "2023.10.10"]
[SourceQuality "1"]

1. d4 Nf6 2. c3 d5 3. e3 g6 4. Bd3 Bg7 5. f4 Nbd7 6. Nf3 Ne4 7. Bxe4 dxe4 8. Ng5 Nf6 9. Qb3 0-0 10. Nd2 b6 11. 0-0 Bf5 12. Qc2 Qd7 13. Nc4 h6 14. Ne5 Qc8 15. g4 Bxg4 16. Nxe4 Bf5 17. Nxf6+ exf6 18. e4 Bh3 19. Rf3 fxe5 20. dxe5 Bd7 21. f5 Bxe5 22. Bxh6 Bc6 23. fxg6 Qg4+ 24. Kf2 Qh4+ 25. Ke2 Qxh6 26. gxf7+ Rxf7 27. Rg1+ Bg7 28. Rxf7 Kxf7 29. Qb3+ Ke8 30. Qg8+ Bf8 31. Rg6 Qh5+ 32. Ke3 Qh3+ 33. Rg3 Qh6+ 34. Kf3 0-1

[Event "Barcelona Sants op-B 18th"]
[Site "Barcelona"]
[Date "2016.08.19"]
[Round "1"]
[White "Serra Vilaro, Agustin"]
[Black "Castrillo Mansego, Pablo"]
[Result "0-1"]
[WhiteElo "1822"]
[BlackElo "2028"]
[PlyCount "96"]
[EventDate "2016.08.19"]
[EventType "swiss"]
[EventRounds "10"]
[EventCountry "ESP"]
[SourceTitle "CBM 174 Extra"]
[Source "ChessBase"]
[SourceDate "2016.10.10"]
[SourceVersion "1"]
[SourceVersionDate "2016.10.10"]
[SourceQuality "1"]

1. d4 g6 2. e4 Bg7 3. f4 d6 4. Nf3 Nf6 5. Bd3 Nbd7 6. e5 Nd5 7. c3 N7b6 8. a4 a5 9. Na3 Bd7 10. Nc4 0-0 11. Nxb6 Nxb6 12. 0-0 e6 13. Bd2 Qe7 14. Bc2 c5 15. Qe2 Rfc8 16. exd6 Qxd6 17. dxc5 Qxc5+ 18. Be3 Qc7 19. Ne5 Nc4 20. Nxc4 Qxc4 21. Bd3 Qc7 22. Bb5 Bc6 23. Rad1 Rd8 24. Rxd8+ Rxd8 25. Bxc6 Qxc6 26. Rd1 Rd5 27. Rxd5 exd5 28. Qb5 Qxb5 29. axb5 Kf8 30. Bc5+ Ke8 31. Kf2 Kd7 32. Ke3 f5 33. Kd3 a4 34. g3 Bf6 35. h4 Ke6 36. Kc2 h6 37. Bf8 h5 38. Bc5 Bg7 39. Kd3 Bf6 40. Kc2 Bd8 41. Kb1 d4 42. c4 Ba5 43. Bxd4 Be1 44. Kc2 Bxg3 45. Be5 Bxh4 46. c5 Bf2 47. c6 bxc6 48. bxc6 h4 0-1

[Event "Barcelona Sant Marti op-B 18th"]
[Site "Barcelona"]
[Date "2016.07.19"]
[Round "7.17"]
[White "Serra Vilaro, Agustin"]
[Black "Grindbakken, Erik"]
[Result "1-0"]
[WhiteElo "1829"]
[BlackElo "1610"]
[PlyCount "80"]
[EventDate "2016.07.13"]
[EventType "swiss"]
[EventRounds "9"]
[EventCountry "ESP"]
[SourceTitle "EXT 2024"]
[Source "ChessBase"]
[SourceDate "2023.10.10"]
[SourceVersion "1"]
[SourceVersionDate "2023.10.10"]
[SourceQuality "1"]

1. d4 Nf6 2. c3 g6 3. Nd2 Bg7 4. e4 d6 5. f4 0-0 6. Bc4 c5 7. dxc5 dxc5 8. e5 Bg4 9. Qb3 Nh5 10. Qxb7 Nd7 11. Ndf3 Nb6 12. Be2 Rb8 13. Qa6 Nd5 14. g3 Qc7 15. Ng5 Bc8 16. Qc4 Bb7 17. Bf3 Rfd8 18. Ne4 Nb6 19. Qxc5 Qd7 20. Qe3 Bf8 21. Nc5 Nd5 22. Qd4 Qc7 23. Nxb7 Rxb7 24. Ne2 e6 25. Qe4 Rb6 26. 0-0 f5 27. Qc2 Bc5+ 28. Kh1 Ng7 29. a3 h5 30. b4 Be3 31. c4 Kf7 32. Qb3 Bxc1 33. cxd5 Bd2 34. d6 Qb8 35. Rfd1 Bxb4 36. axb4 Rxb4 37. Rxa7+ Kg8 38. Qa2 Rb2 39. Qa5 Rb6 40. Ra8 Rb1 1-0

[Event "Barcelona Sant Marti op-B 18th"]
[Site "Barcelona"]
[Date "2016.07.18"]
[Round "6.24"]
[White "Sanchez Paz, Josep"]
[Black "Serra Vilaro, Agustin"]
[Result "0-1"]
[WhiteElo "1709"]
[BlackElo "1829"]
[PlyCount "98"]
[EventDate "2016.07.13"]
[EventType "swiss"]
[EventRounds "9"]
[EventCountry "ESP"]
[SourceTitle "EXT 2024"]
[Source "ChessBase"]
[SourceDate "2023.10.10"]
[SourceVersion "1"]
[SourceVersionDate "2023.10.10"]
[SourceQuality "1"]

1. d4 e6 2. c4 f5 3. Nc3 Nf6 4. Qc2 d5 5. e3 c6 6. Nf3 Bd6 7. Bd3 0-0 8. Bd2 Ne4 9. h4 Nd7 10. Ng5 Ndf6 11. Ngxe4 Nxe4 12. Ke2 Qf6 13. Rag1 Bd7 14. Be1 h5 15. g3 a6 16. Na4 Bc7 17. c5 Qf7 18. f3 Nf6 19. Kd1 g6 20. Qe2 e5 21. g4 hxg4 22. fxg4 e4 23. Bc2 Nxg4 24. Kc1 Rae8 25. Bd1 Kg7 26. Rf1 Qe6 27. Nb6 Bxb6 28. cxb6 Rf6 29. Bg3 Rh8 30. Qd2 Rhf8 31. Bxg4 fxg4 32. Rxf6 Rxf6 33. Be5 Kh6 34. Bxf6 Qxf6 35. Qe2 Qf3 36. Rh2 Qxe2 37. Rxe2 Kh5 38. Kd1 g3 39. Ke1 Kxh4 40. Kf1 c5 41. Rc2 cxd4 42. exd4 Bb5+ 43. Kg2 e3 44. b3 e2 45. Rc1 Kg4 46. a4 Bd3 47. Re1 Kf4 48. b4 Be4+ 49. Kg1 Ke3 0-1

[Event "Barcelona Sant Marti op-B 18th"]
[Site "Barcelona"]
[Date "2016.07.17"]
[Round "5.14"]
[White "Serra Vilaro, Agustin"]
[Black "Minko, Dmitry"]
[Result "0-1"]
[WhiteElo "1829"]
[BlackElo "1884"]
[PlyCount "70"]
[EventDate "2016.07.13"]
[EventType "swiss"]
[EventRounds "9"]
[EventCountry "ESP"]
[SourceTitle "EXT 2024"]
[Source "ChessBase"]
[SourceDate "2023.10.10"]
[SourceVersion "1"]
[SourceVersionDate "2023.10.10"]
[SourceQuality "1"]

1. d4 d5 2. c3 Nf6 3. e3 Nbd7 4. f4 Ne4 5. Nd2 Ndf6 6. Bd3 Bf5 7. Nxe4 dxe4 8. Bc4 e6 9. Ne2 h5 10. Qb3 Rb8 11. Qa4+ c6 12. Qxa7 b5 13. Bb3 Qc8 14. d5 exd5 15. a4 Ra8 16. Qd4 Nd7 17. 0-0 Bg4 18. Ng3 h4 19. Nh1 f6 20. Bd1 Nc5 21. a5 Nd3 22. b4 Be6 23. Ba3 Rxa5 24. c4 Rxa3 25. Rxa3 Bxb4 26. Rxd3 c5 27. Qa1 exd3 28. cxb5 h3 29. g3 0-0 30. Bf3 Bd2 31. Kf2 c4 32. Qd4 Qd7 33. Rd1 Bb4 34. f5 Bf7 35. e4 Qxb5 0-1

[Event "Barcelona Vila Gracia Seniors 55 op 3rd"]
[Site "Barcelona"]
[Date "2016.04.04"]
[Round "3.8"]
[White "Serra Vilaro, Agustin"]
[Black "Marchador Villalba, Jordi"]
[Result "0-1"]
[WhiteElo "1839"]
[BlackElo "2018"]
[PlyCount "69"]
[EventDate "2016.03.07"]
[EventType "swiss"]
[EventRounds "8"]
[EventCountry "ESP"]
[SourceTitle "EXT 2024"]
[Source "ChessBase"]
[SourceDate "2023.10.10"]
[SourceVersion "1"]
[SourceVersionDate "2023.10.10"]
[SourceQuality "1"]

1. d4 Nf6 2. c3 g6 3. Nd2 Bg7 4. e4 d6 5. f4 0-0 6. Ngf3 c5 7. dxc5 dxc5 8. Bc4 Qc7 9. e5 Ng4 10. Qe2 Nc6 11. a4 Na5 12. Ba2 b6 13. 0-0 Nh6 14. Ne4 Bb7 15. Nfg5 Qc8 16. h3 Ba6 17. c4 f6 18. exf6 exf6 19. Nd6 Qc7 20. Nb5 Bxb5 21. cxb5+ c4 22. Nf3 Rfe8 23. Qf2 Bf8 24. Kh2 Bc5 25. Qc2 Kg7 26. Bd2 Nf5 27. Rfe1 Bf2 28. b4 Bxe1 29. Rxe1 Rxe1 30. Nxe1 Nd4 31. Qe4 Nab3 32. Bc3 Rd8 33. Bb1 Rd7 34. g3 Re7 35. Qh1 0-1

[Event "Barcelona Sant Marti op-B 17th"]
[Site "Barcelona"]
[Date "2015.07.18"]
[Round "6"]
[White "Serra Vilaro, Agustin"]
[Black "Minko, Olga"]
[Result "1-0"]
[WhiteElo "1953"]
[BlackElo "1559"]
[PlyCount "73"]
[EventDate "2015.07.13"]
[EventType "swiss"]
[EventRounds "9"]
[EventCountry "ESP"]
[SourceTitle "EXT 2016"]
[Source "ChessBase"]
[SourceDate "2015.10.08"]
[SourceVersion "1"]
[SourceVersionDate "2015.10.08"]
[SourceQuality "1"]

1. d4 d5 2. c3 c6 3. e3 Bf5 4. f4 Nf6 5. Nf3 e6 6. Be2 Bd6 7. Nbd2 Nbd7 8. Ne5 Ne4 9. 0-0 f6 10. g4 Nxd2 11. Bxd2 Be4 12. Nd3 Qe7 13. Nf2 Bg6 14. a4 e5 15. Bf3 0-0-0 16. b4 exf4 17. exf4 f5 18. Qb3 fxg4 19. Nxg4 h5 20. Nf2 Qh4 21. c4 Bxf4 22. Bxf4 Qxf4 23. cxd5 Qg5+ 24. Kh1 Bf7 25. Ne4 Qh6 26. Rac1 Kb8 27. Nc3 Nf6 28. Bg2 Bxd5 29. Nxd5 Nxd5 30. b5 Nc7 31. bxc6 b6 32. a5 b5 33. a6 Rxd4 34. Rc5 Rg4 35. Rxb5+ Ka8 36. Rb7 Nxa6 37. Rxa7+ 1-0

[Event "Barcelona Sant Marti op-B 17th"]
[Site "Barcelona"]
[Date "2015.07.13"]
[Round "1"]
[White "Molina Taberner, Jordi"]
[Black "Serra Vilaro, Agustin"]
[Result "0-1"]
[WhiteElo "1729"]
[BlackElo "1953"]
[PlyCount "66"]
[EventDate "2015.07.13"]
[EventType "swiss"]
[EventRounds "9"]
[EventCountry "ESP"]
[SourceTitle "EXT 2016"]
[Source "ChessBase"]
[SourceDate "2015.10.08"]
[SourceVersion "1"]
[SourceVersionDate "2015.10.08"]
[SourceQuality "1"]

1. d4 e6 2. Nc3 b6 3. Nf3 Bb7 4. e4 d6 5. Bd3 Be7 6. Bf4 Nd7 7. e5 d5 8. Qd2 a6 9. 0-0-0 c5 10. b3 Rc8 11. Rde1 cxd4 12. Nxd4 Bb4 13. Qe3 Bxc3 14. Re2 Qe7 15. Bb5 Qa3+ 16. Kd1 Qb2 17. Bxd7+ Kxd7 18. Nf3 h6 19. Qxb6 Bc6 20. Qc5 Ne7 21. Qa7+ Rc7 22. Qc5 Rhc8 23. Ng5 Qa1+ 24. Bc1 hxg5 25. Re3 Bxe5 26. Rxe5 Qxe5 27. Ba3 Ke8 28. Re1 Qa1+ 29. Ke2 Bb5+ 30. Qxb5+ axb5 31. Rxa1 Rxc2+ 32. Kf3 f5 33. Bb4 Nc6 0-1

[Event "Barcelona Sant Marti op-B 16th"]
[Site "Barcelona"]
[Date "2014.07.17"]
[Round "5"]
[White "Serra Vilaro, Agustin"]
[Black "Maltsev, Andrey"]
[Result "1/2-1/2"]
[WhiteElo "2013"]
[BlackElo "1867"]
[PlyCount "68"]
[EventDate "2014.07.13"]
[EventType "swiss"]
[EventRounds "9"]
[EventCountry "ESP"]
[SourceTitle "CBM 161 Extra"]
[Source "ChessBase"]
[SourceDate "2014.08.29"]
[SourceVersion "1"]
[SourceVersionDate "2014.08.29"]
[SourceQuality "1"]

1. d4 Nf6 2. c3 g6 3. Nd2 Bg7 4. e4 d6 5. f4 0-0 6. Ngf3 Bg4 7. Bd3 e5 8. fxe5 dxe5 9. d5 c6 10. c4 cxd5 11. cxd5 Nbd7 12. 0-0 Nc5 13. Bc2 Qb6 14. Nc4 Bxf3 15. Qxf3 Qb4 16. b3 Nfd7 17. a4 Nxe4 18. Ba3 Qc3 19. Qxe4 f5 20. Qd3 Qxd3 21. Bxd3 e4 22. Be2 Bxa1 23. Rxa1 Rfd8 24. g4 Nf6 25. gxf5 Nxd5 26. fxg6 hxg6 27. Ne5 Nf4 28. Bc4+ Kh7 29. Rf1 g5 30. h4 Rd2 31. hxg5 Nh3+ 32. Kh1 Nf2+ 33. Kg1 Nh3+ 34. Kh1 Nf2+ 1/2-1/2

[Event "Barcelona Sant Marti op-B 16th"]
[Site "Barcelona"]
[Date "2014.07.14"]
[Round "2"]
[White "Sanz Ogaya, Mario"]
[Black "Serra Vilaro, Agustin"]
[Result "0-1"]
[WhiteElo "1700"]
[BlackElo "2013"]
[PlyCount "73"]
[EventDate "2014.07.13"]
[EventType "swiss"]
[EventRounds "9"]
[EventCountry "ESP"]
[SourceTitle "CBM 161 Extra"]
[Source "ChessBase"]
[SourceDate "2014.08.29"]
[SourceVersion "1"]
[SourceVersionDate "2014.08.29"]
[SourceQuality "1"]

1. e4 d5 2. exd5 Qxd5 3. Nc3 Qd6 4. d4 Nf6 5. Nf3 Bg4 6. h3 Bh5 7. g4 Bg6 8. Ne5 Nbd7 9. Nxg6 hxg6 10. Be3 c6 11. Qd2 e6 12. 0-0-0 Nxg4 13. Bd3 Nxe3 14. fxe3 Nf6 15. Qf2 0-0-0 16. Ne4 Nxe4 17. Bxe4 f5 18. Bf3 Be7 19. Rd3 Bf6 20. Qg2 g5 21. Rhd1 Kb8 22. Kb1 e5 23. e4 fxe4 24. Bxe4 exd4 25. c3 Qe6 26. cxd4 Rh4 27. Qg3+ Ka8 28. Bg2 Rhxd4 29. Bf1 a6 30. Rxd4 Rxd4 31. Rxd4 Bxd4 32. Qd3 Qe1+ 33. Kc2 c5 34. a3 Qa1 35. Kb3 Qxb2+ 36. Kc4 Qa2+ 37. Qb3 0-1

[Event "Foment Martinenc op-B 16th"]
[Site "Barcelona"]
[Date "2014.06.14"]
[Round "8"]
[White "Escudero Martinez, Alberto"]
[Black "Serra Vilaro, Agustin"]
[Result "0-1"]
[WhiteElo "1953"]
[BlackElo "2004"]
[PlyCount "36"]
[EventDate "2014.04.26"]
[EventType "swiss"]
[EventRounds "9"]
[EventCountry "ESP"]
[SourceTitle "EXT 2015"]
[Source "ChessBase"]
[SourceDate "2014.11.20"]
[SourceVersion "1"]
[SourceVersionDate "2014.11.20"]
[SourceQuality "1"]

1. Nf3 d5 2. g3 Nd7 3. d4 e6 4. Bg2 c6 5. 0-0 f5 6. c3 Bd6 7. Bg5 Ngf6 8. Qc1 0-0 9. b3 Qe8 10. c4 Qh5 11. c5 Bc7 12. Bxf6 Rxf6 13. Qg5 Qf7 14. Nbd2 f4 15. e4 Rg6 16. Qh4 Rh6 17. Ng5 Qg6 18. Qg4 Nf6 0-1